Statistics for BO2 Weapons

Click here to take the quiz!

General Stats

  • This quiz has been taken 559 times
  • The average score is 21 of 38

Answer Stats

HintAnswer% Correct
Sniper RifleDSR
87%
Sniper RifleBallista
84%
ShotgunKSG
74%
Assault RifleAN-94
73%
ShotgunRemington 870-MCS
73%
LauncherRPG
72%
SpecialCrossbow
70%
SMGMP7
65%
SMGMSMC
65%
SpecialBallistic Knife
64%
SMGSkorpion EVO
62%
PistolFive-Seven
61%
LMGLSAT
61%
SpecialRiot Shield
60%
Sniper RifleSVU-AS
60%
Sniper RifleXPR-50
60%
Assault RifleM8A1
57%
PistolTac-45
57%
PistolB23R
56%
SMGPDW-57
55%
Assault RifleFAL-OSW
53%
Assault RifleSCAR-H
53%
Assault RifleMTAR
48%
SMGVector K10
48%
SMGPeacekeeper
47%
ShotgunS12
47%
Assault RifleM27
46%
PistolExecutioner
45%
LMGHAMR
45%
SMGChicom CQB
43%
ShotgunM1216
40%
LauncherSMAW
39%
Assault RifleSwat-556
38%
Assault RifleType 25
38%
Assault RifleSMR
37%
LMGMK 48
33%
LMGQBB LSW
25%
LauncherFHJ-AA 18
22%

Score Distribution

Percentile by Number Answered

Percent of People with Each Score

Your Score History

You have not taken this quiz